000 00571nas a2200217 4500
001 BR9104378
003 BR-BrBNA
005 20231205092201.0
007 ta
008 230509b bl.|||p| |||| 00| 00por d
040 _aBR-BrBNA
_bpor
_cBiblioteca Nacional de Agricultura
041 _a(Pt)
072 _aM12
100 1 _aAnon.
245 1 _aTrutas fisgam turistas no Rio
650 _aTRUTA
650 _aCRIACAO
773 0 _tGuia Rural (Brazil)
_x
_g(Nov 1990), v. 4(11) p. 68-69
_wBR9104378
909 _a202311
_bLúcia
_c55
_dLúcia Elande
942 _2AGRIS
_n0
_cANA
999 _c129931
_d129931